| 000 | 00331nam a2200097Ia 4500 | ||
|---|---|---|---|
| 008 | 220120s9999||||xx |||||||||||||| ||und|| | ||
| 100 | _aKumar, Sathish, N | ||
| 245 | 0 | _aMulti-user chaneel estimation and detection in CDMA based wi | |
| 260 |
_aCoorg Institute of Technology _bPonnampet _c2006 |
||
| 650 | _aELECTRONICS AND COMMUNICATIONS | ||
| 999 |
_c137658 _d137658 |
||